Saunders comprehensive veterinary dictionary
This superb 2nd Edition of the indispensable veterinary dictionary includes 13,000 new entries bringingit right up to date with veterinary medicine today.
Spremljeno u:
| Glavni autor: | |
|---|---|
| Format: | Knjiga |
| Jezik: | Undetermined |
| Izdano: |
London
WB Saunders
1999
|
| Teme: | |
| Oznake: |
Dodaj oznaku
Bez oznaka, Budi prvi tko označuje ovaj zapis!
|
| Thư viện lưu trữ: | Trung tâm Học liệu Trường Đại học Cần Thơ |
|---|
| LEADER | 00855nam a2200217Ia 4500 | ||
|---|---|---|---|
| 001 | CTU_138066 | ||
| 008 | 210402s9999 xx 000 0 und d | ||
| 020 | |c 84.95 | ||
| 082 | |a 636.08903 | ||
| 082 | |b B655 | ||
| 100 | |a Blood, Douglas C. | ||
| 245 | 0 | |a Saunders comprehensive veterinary dictionary | |
| 245 | 0 | |c Douglas C. Blood, Virginia P. Studdert ; Anatomical table by John Grandage | |
| 260 | |a London | ||
| 260 | |b WB Saunders | ||
| 260 | |c 1999 | ||
| 520 | |a This superb 2nd Edition of the indispensable veterinary dictionary includes 13,000 new entries bringingit right up to date with veterinary medicine today. | ||
| 650 | |a Veterinary Medicine,Veterinary medicine,Thuốc thú y,Thuốc thú y | ||
| 650 | |z English,Nước Anh | ||
| 904 | |i Đặng Cẩm Thuỳ | ||
| 980 | |a Trung tâm Học liệu Trường Đại học Cần Thơ | ||